Countries Currently at War - Statistics

General Stats
  • This quiz has been taken 238 times
  • The average score is 11 of 15
Answer Stats
Which type of war? Country % Correct
International Ukraine
96%
International Russia
94%
International Israel
90%
International Palestine
90%
Drugs Mexico
82%
Civil Syria
82%
Civil Yemen
72%
Civil Somalia
71%
Drugs Colombia
70%
Civil Afghanistan
68%
Civil Myanmar
61%
Civil Ethiopia
54%
Civil Mali
52%
Civil Libya
49%
Civil Central African Republic
43%
No matching quizzes found
Score Distribution
Percent of People with Each Score
Percentile by Number Answered
Your Score History
You have not taken this quiz